00482 2200193 4500001002100000005001500021035002000036007000300056008004100059020001800100082001000118084001600128100001700144245005100161260004100212856001700253990000900270990000900279INLIS00000000000080920220907083213 a0010-0922000090ta220907 g 0 ind  a9789792671612 a398.2 a398.2 ANN b0 aAnna Martina1 aBagaimana cara menghambat perkaratan pada besi ajakarta :bArmandelta Selaras,c2008 aKoleksi Umum a3654 a3655